00950cam a2200217 a 450000100100000000500170001000800410002702000150006804000230008305000260010608200190013210000580015124500960020926001180030530000280042370000550045174000560050691000340056295201210059699900150071700000513320200929151603.0880425s1988 pr a 000 0 spa  a0865814015 aDO-SdBNPcDLCdDLC00aPQ7439.R5525bA6 1988 a861b20bR621o1 aRivera Viera, Juan Vicente,d1884-1953.cPadre91469710aObra literaria /cJuan Vicente Rivera Viera ; compilación de Santiago Maunez Vizcarrondo. aSan Juan, Puerto Rico :bInstituto de Cultura Puertorriqueña :bDivision de Publicaciones y Grabaciones,c1988. a576 p. :bil. ;c24 cm.1 aMaunez Vizcarrondo, Santiago,d1924-eComp.9146980 aObra literaria del Padre Juan Vicente Rivera Viera. aCatalogación por copia / LC 001052708MOaGRbGRcCTd2009-07-29iLF1l0o861 20 R621op5133-10r2020-06-25w2020-06-25y2ZPréstamo interno c4936d4936